[Event "Cto. Navarra Absoluto por Equipos 2018"]
[Site "?"]
[Date "2018.11.10"]
[Round "5"]
[White "Fuentes Guinot, Alejandro"]
[Black "Ruiz Jaso, Zigor"]
[Result "1-0"]
[EventDate "2018.10.13"]
[WhiteElo "1313"]
[BlackElo "1205"]

1.e4 e5 2.Nf3 Nc6 3.Bc4 Nf6 4.d3 Be7 5.c3 d6 6.Bb3 Na5 7.Bc2 c5 8.O-O O-O 9.Re1
Nc6 10.Nbd2 Qc7 11.Nf1 Be6 12.Ng3 Rad8 13.h3 d5 14.Bd2 dxe4 15.dxe4 Ne8 16.Qc1
Nd6 17.Bb3 c4 18.Bc2 f5 19.exf5 Nxf5 20.Nxf5 Bxf5 21.Bxf5 Rxf5 22.Bg5 Rdf8
23.Bxe7 Qxe7 24.Qe3 b6 25.Rad1 h6 26.Rd5 Re8 27.Nd4 Nxd4 28.cxd4 Qb4 29.Qc3 Qxc3
30.bxc3 Ref8 31.Rdxe5 Rxf2 32.R5e2 Rxe2 33.Rxe2 Rf7 34.Re8 Rf8 35.Rxf8 Kxf8
36.Kf2 Ke7 37.Ke3 b5 38.d5 Kd6 39.Kd4 a6 40.Ke4 g6 41.h4 h5 42.g3 a5 43.Kd4 a4
44.a3 Kc7 45.Kc5 Kd7 46.Kxb5 Kd6 47.Kxc4 Ke5 48.Kc5 Kf6 49.d6 Ke6 50.Kc6 1-0

[Event "Cto. Navarra Absoluto por Equipos 2018"]
[Site "?"]
[Date "2018.11.10"]
[Round "5"]
[White "Goni Osacar, Maria"]
[Black "Hernandorena De La Cruz, Egoi"]
[Result "0-1"]
[EventDate "2018.10.13"]
[WhiteElo "1859"]
[BlackElo "2059"]

1.e4 e5 2.Nf3 Nc6 3.Bb5 a6 4.Ba4 Nf6 5.O-O Bc5 6.c3 b5 7.Bc2 d5 8.Nxe5 Nxe5 9.d4
dxe4 10.dxc5 O-O 11.Bg5 Bb7 12.Nd2 Nd3 13.b4 Qd7 14.Nb3 Qf5 15.Qd2 Nd7 16.Nd4
Qg6 17.Bxd3 exd3 18.f4 h6 19.Bh4 Bd5 20.f5 Qh5 21.Bg3 c6 22.Rf4 Rfe8 23.Qxd3 Re7
24.a4 Rae8 25.axb5 Re3 26.Qf1 axb5 27.Ra6 Nf6 28.Nxc6 Ng4 29.Nd4 Rxg3 30.Rxg4
Rxg4 31.Nf3 Bxf3 32.Qxf3 Rxg2 33.Qxg2 Qd1 34.Qf1 Re1 35.Qxe1 Qxe1 36.Kg2 Qxc3
37.c6 Qxb4 38.c7 Qg4 39.Kh1 Qd1 0-1

[Event "Cto. Navarra Absoluto por Equipos 2018"]
[Site "?"]
[Date "2018.11.10"]
[Round "5"]
[White "Garraza Obaldia, Esteban"]
[Black "Gonzalez Oderiz, Jose Maria"]
[Result "0-1"]
[EventDate "2018.10.13"]
[WhiteElo "1779"]
[BlackElo "1846"]

1.e4 e6 2.d4 d5 3.exd5 exd5 4.Bd3 Nc6 5.Ne2 Nf6 6.Bf4 Bd6 7.Nbc3 O-O 8.Qd2 a6
9.a3 Bxf4 10.Qxf4 Ne7 11.Ng3 Ng6 12.Qd2 Re8 13.Nce2 Qd6 14.O-O-O b5 15.f3 Bd7
16.h4 h6 17.h5 Nf8 18.Nf5 Bxf5 19.Bxf5 Rxe2 20.Bh7 N8xh7 21.Qxe2 Re8 22.Qd2 Ng5
23.Kb1 Qb6 24.Qd3 a5 25.g4 b4 26.a4 c5 27.dxc5 Qxc5 28.Rhf1 Qe3 29.f4 Qxd3
30.Rxd3 Nge4 31.Rg1 Nf2 32.Rdg3 Re4 33.g5 Nxh5 34.Rf3 Rxf4 35.Rxf4 Nxf4 36.gxh6
g6 37.Kc1 Ne2 0-1

[Event "Cto. Navarra Absoluto por Equipos 2018"]
[Site "?"]
[Date "2018.11.10"]
[Round "5"]
[White "Duran Fernandez, Emilio"]
[Black "Sancinena Arpide, Juan"]
[Result "1/2-1/2"]
[EventDate "2018.10.13"]
[WhiteElo "1631"]
[BlackElo "1636"]

1.Nf3 d5 2.d4 Nf6 3.c4 e6 4.Nc3 c6 5.Bg5 Be7 6.e3 O-O 7.Bd3 Nbd7 8.O-O dxc4
9.Bxc4 Nd5 10.Bxe7 Qxe7 11.Nxd5 exd5 12.Bd3 Nf6 13.h3 Ne4 14.Bxe4 dxe4 15.Ne5 f6
16.Ng4 Bf5 17.Rc1 Rad8 18.Rc5 Rd5 19.Rxd5 cxd5 20.Qb3 Bxg4 21.hxg4 Qd7 22.Rc1
Rd8 23.f3 1/2-1/2

[Event "Cto. Navarra Absoluto por Equipos 2018"]
[Site "?"]
[Date "2018.11.10"]
[Round "5"]
[White "Rebole Arbea, Pedro Maria"]
[Black "Donazar Garayoa, Miguel"]
[Result "1/2-1/2"]
[EventDate "2018.10.13"]
[WhiteElo "1568"]
[BlackElo "1585"]

1.e4 g6 2.d4 Bg7 3.Nf3 d6 4.h3 a6 5.Bg5 c5 6.c3 Nc6 7.dxc5 dxc5 8.Qxd8 Nxd8
9.Bc4 Be6 10.Nbd2 Bxc4 11.Nxc4 b5 12.Ne3 Ne6 13.Nd5 f6 14.Be3 Rc8 15.O-O-O Bh6
16.Rhe1 Rc6 17.e5 Kf7 18.exf6 exf6 19.g4 Bxe3 20.Rxe3 Ne7 21.h4 Rd8 22.Nxe7 Rxd1
23.Kxd1 Kxe7 24.Rd3 1/2-1/2

[Event "Cto. Navarra Absoluto por Equipos 2018"]
[Site "?"]
[Date "2018.11.10"]
[Round "5"]
[White "Guardado Minchinela, Inaki"]
[Black "Sanchez Martinez, Jose Maria"]
[Result "1-0"]
[EventDate "2018.10.13"]
[WhiteElo "1550"]
[BlackElo "1596"]

1.e4 e5 2.Nf3 Nc6 3.Bb5 a6 4.Ba4 b5 5.Bb3 d6 6.d3 Bg4 7.c3 Na5 8.Bc2 c5 9.h3
Bxf3 10.Qxf3 Qf6 11.Nd2 Nc6 12.O-O Be7 13.a4 b4 14.a5 Bd8 15.Qxf6 Nxf6 16.Ba4
Rc8 17.Nc4 Ke7 18.f4 Nd7 19.Ne3 Nf6 20.Nf5 Kd7 21.fxe5 dxe5 22.Nxg7 Kc7 23.Bg5
Rg8 24.Bxf6 Rxg7 25.Bxg7 Bg5 26.Rxf7 Kb8 27.Bxc6 Rxc6 28.Bxe5 1-0

[Event "Cto. Navarra Absoluto por Equipos 2018"]
[Site "?"]
[Date "2018.11.10"]
[Round "5"]
[White "Leone Amigot, Haymar"]
[Black "Diaz Redondo, Isidro"]
[Result "1/2-1/2"]
[EventDate "2018.10.13"]
[WhiteElo "1394"]
[BlackElo "1491"]

1.e4 c5 2.Nf3 Nc6 3.d4 cxd4 4.Nxd4 g6 5.Nc3 Bg7 6.Be3 Nf6 7.Bc4 O-O 8.O-O a6
9.a4 Qc7 10.Bb3 Na5 11.Qd2 Nxb3 12.Nxb3 d6 13.Rfe1 Rd8 14.Bd4 e5 15.Be3 Be6
16.Bg5 Rac8 17.Rec1 b6 18.Bxf6 Bxf6 19.Nd5 Bxd5 20.exd5 Qc4 21.Qd3 Re8 22.Qxc4
Rxc4 23.c3 Bg5 24.Rd1 f5 25.Nd2 Bxd2 26.Rxd2 Kf7 27.Rd3 h5 28.b3 Rc7 29.c4 e4
30.Re3 Kf6 31.f3 g5 32.Rae1 Rce7 33.fxe4 Rxe4 34.Rxe4 Rxe4 35.Rxe4 fxe4 36.Kf2
Kf5 37.b4 Ke5 38.Ke3 Kf5 39.a5 bxa5 40.b5 axb5 41.cxb5 a4 42.b6 a3 43.b7 a2
44.b8=Q a1=Q 45.Qc8 Kg6 46.Qe8 Kg7 47.Qe7 Kh8 48.Qf8 Kh7 49.Qf7 Kh6 50.Qe6 Kg7
51.Kxe4 Qb1 52.Kf3 Qd1 53.Kf2 Qd2 54.Kf1 Qf4 55.Kg1 Qd4 56.Kf1 Qd1 57.Kf2 Qd2
58.Kf1 Qf4 59.Kg1 h4 60.Qe7 Kg6 61.Qe6 Qf6 62.Qe4 Kf7 63.Qh7 Kf8 64.Qe4 Qe5
65.Qf3 Ke7 66.g3 h3 67.Kf2 Qd4 68.Qe3 Qe5 69.g4 Kf6 70.Qf3 Kg6 71.Qxh3 Qxd5
72.Qh5 Kg7 73.h4 Qd4 74.Ke2 Qe5 75.Kf3 Qf4 76.Ke2 Qh2 77.Kd3 Qxh4 78.Qe8 Qxg4
79.Qe7 Kg6 80.Qxd6 Kh5 81.Qh2 Qh4 82.Qe2 Qg4 83.Qh2 Kg6 84.Qd6 Kf7 85.Ke3 Qh3
86.Kf2 Qh4 87.Qg3 Qd4 88.Qe3 Qf6 89.Qf3 Kg6 90.Qxf6 Kxf6 91.Kf3 Kf5 92.Kg3 g4
93.Kg2 Kf4 94.Kf2 Kf5 95.Kg3 Kg5 96.Kg2 Kh4 97.Kh2 g3 98.Kg2 Kg4 99.Kg1 Kh3
100.Kh1 1/2-1/2

[Event "Cto. Navarra Absoluto por Equipos 2018"]
[Site "?"]
[Date "2018.11.17"]
[Round "6"]
[White "Martinez Ayesa, Aitor"]
[Black "Garraza Obaldia, Esteban"]
[Result "1-0"]
[EventDate "2018.10.13"]
[WhiteElo "2001"]
[BlackElo "1779"]

1.Nf3 Nf6 2.c4 g6 3.g3 Bg7 4.Bg2 O-O 5.O-O d6 6.d4 Nc6 7.h3 Qe8 8.Nc3 e5 9.Re1
Bf5 10.Be3 Rd8 11.a3 b6 12.Rc1 Bc8 13.Nb5 Qd7 14.d5 Ne7 15.Nxa7 Bb7 16.Qc2 Nf5
17.Bg5 Rde8 18.e3 Ra8 19.Bxf6 Bxf6 20.Nb5 c6 21.Nc3 Rfc8 22.Qb3 Bd8 23.dxc6 Bxc6
24.Nd2 Ne7 25.Nde4 Kg7 26.Red1 Bc7 27.Ng5 f6 28.Bxc6 Nxc6 29.Nge4 Na5 30.Qb5 Rd8
31.Nd5 f5 32.Ng5 Qxb5 33.cxb5 Rd7 34.Rxc7 1-0

[Event "Cto. Navarra Absoluto por Equipos 2018"]
[Site "?"]
[Date "2018.11.17"]
[Round "6"]
[White "Sancinena Arpide, Juan"]
[Black "Anguas Fanlo, Sergio"]
[Result "0-1"]
[EventDate "2018.10.13"]
[WhiteElo "1636"]
[BlackElo "1983"]

1.e4 b6 2.d4 Bb7 3.Nc3 e6 4.Nf3 Bb4 5.Bd3 Nf6 6.Bg5 h6 7.Bxf6 Qxf6 8.O-O Bxc3
9.bxc3 d5 10.e5 Qe7 11.Nd2 c5 12.f4 Nc6 13.Nf3 O-O 14.Qe1 cxd4 15.cxd4 Nb4
16.Qg3 Nxd3 17.cxd3 Rac8 18.f5 exf5 19.Nh4 Qg5 20.Qh3 f4 21.Rac1 Rxc1 22.Rxc1 f3
23.Rc7 Qe3 0-1

[Event "Cto. Navarra Absoluto por Equipos 2018"]
[Site "?"]
[Date "2018.11.17"]
[Round "6"]
[White "Vilchez Gonzalez, Angel"]
[Black "Sanchez Martinez, Jose Maria"]
[Result "1-0"]
[EventDate "2018.10.13"]
[WhiteElo "1914"]
[BlackElo "1596"]

1.e4 e5 2.f4 d5 3.Nf3 dxe4 4.Nxe5 Nf6 5.Bc4 Be6 6.Qe2 c6 7.Bxe6 fxe6 8.Nc3 Qd4
9.d3 Bb4 10.Bd2 Nbd7 11.Nxd7 Kxd7 12.dxe4 Bxc3 13.Bxc3 Qxe4 14.O-O-O Ke7 15.Bxf6
1-0

[Event "Cto. Navarra Absoluto por Equipos 2018"]
[Site "?"]
[Date "2018.11.17"]
[Round "6"]
[White "Ruiz Anton, Adolfo"]
[Black "Lacruz Ochoa, Oier"]
[Result "0-1"]
[EventDate "2018.10.13"]
[WhiteElo "1532"]
[BlackElo "1787"]

1.d4 Nf6 2.e3 g6 3.Bd3 Bg7 4.Nd2 d6 5.f4 Nc6 6.c3 O-O 7.Ngf3 Re8 8.O-O e5 9.fxe5
dxe5 10.Bc4 exd4 11.exd4 Na5 12.Bb3 Nxb3 13.Nxb3 b6 14.Bg5 h6 15.Bh4 Bb7 16.Qd2
g5 17.Nxg5 hxg5 18.Qxg5 Qd5 19.Rxf6 Qxg5 20.Bxg5 Bxf6 21.Bxf6 Re2 22.g3 Rg2
23.Kf1 Rxh2 24.Nc1 Re8 25.b3 Rh1 26.Kf2 Ree1 27.Bg5 Rhf1 0-1

[Event "Cto. Navarra Absoluto por Equipos 2018"]
[Site "?"]
[Date "2018.11.17"]
[Round "6"]
[White "Dorregarai Iparraguirre, Leire"]
[Black "Iturralde Olcoz, Sergio"]
[Result "0-1"]
[EventDate "2018.10.13"]
[WhiteElo "1723"]
[BlackElo "1504"]

1.e4 c5 2.d3 Nc6 3.Nf3 g6 4.g3 Bg7 5.Bg2 d6 6.c3 e5 7.O-O Nge7 8.Nbd2 O-O 9.a4
b6 10.Nc4 Ba6 11.Ne3 Qc7 12.Qc2 Rac8 13.Nh4 Na5 14.Bh3 Rcd8 15.b4 cxb4 16.cxb4
Qxc2 17.Nxc2 Nb3 18.Ra3 Bxd3 19.Rxb3 Bxc2 20.Rb2 Bxe4 21.Re1 d5 22.f3 Bd3 23.Rd2
e4 24.Bb2 Nc6 25.Bxg7 Kxg7 26.fxe4 dxe4 27.b5 Ne5 28.Bg2 f5 29.Bh1 g5 30.Nxf5
Rxf5 31.Bxe4 Bxe4 32.Rxd8 Nf3 33.Kf2 Nxe1 34.Kxe1 Bc2 35.Rd7 Rf7 36.Rd4 Kf8
37.Rc4 Bb3 38.Rd4 Ke8 39.Rg4 Rf5 40.Kd2 Kf7 41.Kc3 Rf3 42.Kd4 h6 43.Ke5 Rc3
44.Rd4 Re3 45.Kd6 Re6 46.Kc7 Re7 47.Kc6 Re6 48.Kb7 Re7 49.Kc6 Bc2 50.h4 Ke8
51.Rc4 Be4 52.Kd6 Rd7 53.Ke5 Bf3 54.Kf6 g4 55.Rc8 Rd8 56.Rc7 Rd7 57.Rc8 Rd8
58.Rc7 Rd6 59.Ke5 Rd7 60.Rc8 Kf7 61.Kf5 Rd5 62.Kf4 Rd4 63.Kf5 Rxa4 64.Rc7 Ke8
65.Kg6 Kd8 66.Rf7 Be2 67.Kxh6 Bxb5 68.Kg7 Be8 69.Rf5 Ra5 70.Rf4 Bh5 71.Rc4 Rc5
72.Ra4 a5 73.Kf6 Kd7 0-1

[Event "Cto. Navarra Absoluto por Equipos 2018"]
[Site "?"]
[Date "2018.11.17"]
[Round "6"]
[White "Leone Amigot, Haymar"]
[Black "Salvatierra Alzorriz, Haizea"]
[Result "0-1"]
[EventDate "2018.10.13"]
[WhiteElo "1394"]
[BlackElo "1687"]

1.e4 e6 2.d4 d5 3.exd5 exd5 4.Nf3 Nc6 5.Bb5 Bd7 6.Nc3 Bb4 7.Bd2 Nge7 8.O-O O-O
9.Ne2 Bg4 10.Bxb4 Nxb4 11.Ne5 Bf5 12.Nd3 a6 13.Nxb4 axb5 14.Ng3 Bg6 15.Qe2 c6
16.Nd3 Re8 17.Qd2 Qd6 18.a3 b6 19.Ne5 c5 20.Nxg6 Nxg6 21.Rfe1 Rac8 22.c3 h6
23.Nf5 Qf6 24.Ne3 Qf4 25.Qd3 c4 26.Qf5 Rcd8 27.Qxf4 Nxf4 28.Kf1 g6 29.g3 Nd3
30.Re2 Kf8 31.Rb1 Re7 32.b3 Ra7 33.bxc4 bxc4 34.Ra2 Rd6 35.Ke2 Rf6 36.Kf1 Rd6
37.Ke2 b5 38.Kf3 Rda6 39.Nxd5 Rxa3 40.Rxa3 Rxa3 41.Rxb5 Ra2 42.h4 Rxf2 43.Kg4
Rf5 44.Kh3 Nf2 45.Kg2 Ne4 46.Rb8 Kg7 47.Nf4 Nxc3 48.Rc8 Nd1 49.Kg1 c3 50.Ne2 Rf3
51.d5 Rd3 52.d6 Rxd6 53.Nxc3 Ne3 54.Kf2 Ng4 55.Kf3 h5 56.Rc7 Rd3 57.Kf4 Nf6
58.Rc4 Rxc3 0-1

[Event "Cto. Navarra Absoluto por Equipos 2018"]
[Site "?"]
[Date "2018.11.17"]
[Round "6"]
[White "Ozaita Martinez, Tomas"]
[Black "Gonzalez Oderiz, Jose Maria"]
[Result "1-0"]
[EventDate "2018.10.13"]
[WhiteElo "1806"]
[BlackElo "1846"]

1.d4 Nf6 2.Nf3 g6 3.Bf4 Bg7 4.e3 O-O 5.Be2 d6 6.h3 Nbd7 7.O-O c5 8.c3 Nh5 9.Bh2
e5 10.dxe5 dxe5 11.Qc2 Qe7 12.Na3 a6 13.Nc4 f5 14.Qb3 Kh8 15.Nb6 Nxb6 16.Qxb6 f4
17.Nd2 Nf6 18.exf4 exf4 19.Bf3 Nd7 20.Qb3 Ne5 21.Rfe1 Qg5 22.Kh1 Qh4 23.Re2 g5
24.Qd5 Nxf3 25.Nxf3 Qh6 26.Qxg5 Qxg5 27.Nxg5 f3 28.Re7 fxg2 29.Kxg2 h6 30.Nf7
Kg8 31.Nd6 b5 32.Nxc8 Raxc8 33.Be5 Bxe5 34.Rxe5 Rf6 35.Rd1 Kf7 36.Rd7 Kg6 37.h4
h5 38.Rdd5 Rcf8 39.Rg5 Kf7 40.Rxh5 Ke6 41.Rhe5 Kf7 42.Rxc5 Rg8 43.Rg5 Rxg5
44.hxg5 Rd6 45.Rf5 Kg6 46.Rf6 1-0

[Event "Cto. Navarra Absoluto por Equipos 2018"]
[Site "?"]
[Date "2018.11.17"]
[Round "6"]
[White "Cobos Urbina, Enrique"]
[Black "Lajas Obregon, Juan Carlos"]
[Result "1-0"]
[EventDate "2018.10.13"]
[WhiteElo "1715"]
[BlackElo "1697"]

1.c4 c6 2.g3 Nf6 3.Bg2 e6 4.Nf3 d5 5.b3 Nbd7 6.Bb2 Bd6 7.O-O O-O 8.d4 Re8 9.Nc3
b6 10.Qc2 Bb7 11.e4 dxe4 12.Nxe4 Nxe4 13.Qxe4 Nf6 14.Qc2 Qe7 15.Rfe1 Ba3 16.Bxa3
Qxa3 17.Ne5 Qd6 18.Rad1 Rac8 19.c5 Qc7 20.Nc4 Re7 21.Nd6 Rd8 22.b4 Nd5 23.Bxd5
cxd5 24.Qb2 a6 25.a4 Rb8 26.Rb1 Bc8 27.Rec1 Bd7 28.Qc2 bxc5 29.bxc5 Bc6 30.Rxb8
Qxb8 31.Rb1 Qc7 32.Rb6 e5 33.dxe5 Rxe5 34.Qb2 Re1 35.Kg2 d4 36.f3 g6 37.Qd2 Re6
38.Qxd4 h5 39.Qb2 Qe7 40.Rb8 1-0

[Event "Cto. Navarra Absoluto por Equipos 2018"]
[Site "?"]
[Date "2018.11.17"]
[Round "6"]
[White "Roldan Marques, Marta"]
[Black "Moral Barragan, Diego"]
[Result "1/2-1/2"]
[EventDate "2018.10.13"]
[WhiteElo "1691"]
[BlackElo "1633"]

1.e4 c5 2.Nc3 Nc6 3.g3 Nf6 4.Bg2 e6 5.d3 Be7 6.f4 d5 7.e5 Nd7 8.Qg4 Rg8 9.Qh5
Nf8 10.Bd2 Nd4 11.Qd1 Bd7 12.Nce2 Nf5 13.Nf3 Qb6 14.Qc1 Bc6 15.a4 h5 16.a5 Qc7
17.d4 Nd7 18.c3 Rc8 19.Bh3 g6 20.Bg2 Bb5 1/2-1/2

[Event "Cto. Navarra Absoluto por Equipos 2018"]
[Site "?"]
[Date "2018.11.17"]
[Round "6"]
[White "Duran Fernandez, Emilio"]
[Black "Romano Garcia, Ivan"]
[Result "1/2-1/2"]
[EventDate "2018.10.13"]
[WhiteElo "1631"]
[BlackElo "1559"]

1.Nf3 d5 2.d4 Nf6 3.c4 e6 4.Bg5 Be7 5.e3 O-O 6.Bd3 dxc4 7.Bxc4 c5 8.O-O cxd4
9.Qxd4 Qxd4 10.Nxd4 b6 11.Nc3 Bb7 12.Rfd1 Nc6 13.Bb5 Nxd4 14.Rxd4 Rfd8 15.Rad1
Rxd4 16.Rxd4 Rd8 17.Ne2 Rxd4 18.Nxd4 a6 19.Bc6 Bxc6 20.Nxc6 1/2-1/2

[Event "Cto. Navarra Absoluto por Equipos 2018"]
[Site "?"]
[Date "2018.11.17"]
[Round "6"]
[White "Santos Usua, Mikel"]
[Black "Donazar Garayoa, Miguel"]
[Result "1-0"]
[EventDate "2018.10.13"]
[WhiteElo "1494"]
[BlackElo "1585"]

1.e4 g6 2.d4 Bg7 3.Nc3 d6 4.Be3 a6 5.Nf3 b5 6.a3 Nd7 7.Bd3 Bb7 8.Ne2 c5 9.c3
Ngf6 10.Ng3 Ng4 11.Bd2 O-O 12.h3 Ngf6 13.O-O e6 14.Be3 c4 15.Bc2 Nb6 16.Qd2 Qe7
17.Bh6 Bc6 18.Be3 Qb7 19.Bf4 Nxe4 20.Nxe4 Bxe4 21.Bxe4 Qxe4 22.Bxd6 Rfe8 23.Rfe1
Qc6 24.Bg3 Nd7 25.Rad1 Red8 26.Qe3 Qd5 27.Ne5 Nxe5 28.Bxe5 Bxe5 29.Qxe5 Qxe5
30.Rxe5 Ra7 31.Rc5 Rad7 32.Re1 Rd5 33.Rxd5 Rxd5 34.f3 Kf8 35.Kf2 Ke7 36.Ra1 a5
37.Ke3 Kd6 38.Rd1 f6 39.g4 h5 40.f4 Kc6 41.Rf1 Rd8 42.gxh5 gxh5 43.Rg1 Rd5
44.Rg6 Rf5 45.Rg8 e5 46.fxe5 fxe5 47.Ke4 Rf2 48.d5 Kd7 49.Kxe5 Rxb2 50.Rg7 Ke8
51.Ra7 b4 52.axb4 axb4 53.cxb4 Rxb4 54.Ke6 Rb8 55.Rc7 Kd8 56.Rxc4 Rb3 57.Rh4 Kc7
58.Rxh5 Re3 59.Kf5 Kd6 60.Kf4 Re2 61.Rf5 Rh2 {ilegible} 1-0

[Event "Cto. Navarra Absoluto por Equipos 2018"]
[Site "?"]
[Date "2018.11.17"]
[Round "6"]
[White "Diaz Redondo, Isidro"]
[Black "Fuentes Guinot, Angel"]
[Result "0-1"]
[EventDate "2018.10.13"]
[WhiteElo "1491"]
[BlackElo "1446"]

1.e4 d6 2.d4 Nf6 3.Nc3 g6 4.Be2 Bg7 5.Nf3 c6 6.O-O O-O 7.Be3 Nbd7 8.Qd2 b5 9.a3
Nb6 10.h3 Rb8 11.b4 a6 12.Bh6 Be6 13.Bxg7 Kxg7 14.Rfe1 Bc4 15.Qe3 Re8 16.Nd2
Bxe2 17.Rxe2 Qc7 18.Qf3 e5 19.Nb3 Nc4 20.Ra2 Rbd8 21.d5 cxd5 22.Nxd5 Nxd5
23.exd5 f5 24.c3 Qf7 25.Nd2 e4 26.Qf4 Qxd5 27.Nxc4 Qxc4 28.Red2 Qxc3 29.Rac2 Qa1
30.Kh2 Qe5 31.Rc7 Kg8 32.Qxe5 Rxe5 33.Rc6 d5 34.Rxa6 d4 35.Kg1 d3 36.Rc6 Ra8
37.Rc3 Kf7 38.Kf1 Ke7 39.Ke1 Kd7 40.Ra2 Rc8 41.Kd2 Re6 42.Rb2 Rec6 43.Rbb3 g5
44.g3 h5 45.Rxc6 Rxc6 46.Rb2 Ke6 47.Ra2 Kd5 48.a4 bxa4 49.Rxa4 Rc2 50.Ke3 Re2
0-1

[Event "Cto. Navarra Absoluto por Equipos 2018"]
[Site "?"]
[Date "2018.11.17"]
[Round "6"]
[White "Soler Huguet, Carlos Francisco"]
[Black "Insausti Goni, Sebastian"]
[Result "1-0"]
[EventDate "2018.10.13"]
[WhiteElo "1749"]
[BlackElo "1845"]

1.e4 c6 2.d4 d5 3.e5 Bf5 4.c4 Bxb1 5.Rxb1 dxc4 6.Bxc4 e6 7.Nf3 Bb4 8.Bd2 Qa5
9.O-O Ne7 10.Qb3 Nd5 11.Bxd5 Bxd2 12.Qxb7 cxd5 13.Qxa8 O-O 14.Qb7 Bh6 15.b4 Qa4
16.b5 a6 17.bxa6 Nxa6 18.Qb5 1-0

[Event "Cto. Navarra Absoluto por Equipos 2018"]
[Site "?"]
[Date "2018.11.17"]
[Round "6"]
[White "Flores Lazcoz, Jose Luis"]
[Black "Anton Agramonte, Angel Luis"]
[Result "0-1"]
[EventDate "2018.10.13"]
[WhiteElo "1727"]
[BlackElo "1734"]

1.d4 Nf6 2.Nf3 g6 3.c3 Bg7 4.Bg5 O-O 5.e3 d6 6.Bd3 c5 7.O-O Nc6 8.Nbd2 e5 9.d5
Ne7 10.e4 Qc7 11.Qe2 a6 12.a4 h6 13.Bxf6 Bxf6 14.b4 b6 15.a5 b5 16.c4 bxc4
17.Nxc4 cxb4 18.Rfc1 Qd8 19.Nb6 Rb8 20.Bxa6 Bxa6 21.Qxa6 Nc8 22.Nxc8 Rxc8
23.Rxc8 Qxc8 24.Qxd6 Qc3 25.Re1 b3 26.Qa3 Bg5 27.Rb1 Rc8 28.Nxg5 b2 0-1

[Event "Cto. Navarra Absoluto por Equipos 2018"]
[Site "?"]
[Date "2018.11.17"]
[Round "6"]
[White "Seguil Sandoval, Pedro"]
[Black "Arana Oloron, Roberto"]
[Result "0-1"]
[EventDate "2018.10.13"]
[WhiteElo "1642"]
[BlackElo "1691"]

1.f4 e5 2.d3 exf4 3.Nc3 Qh4 4.g3 fxg3 5.Nf3 g2 6.Nxh4 gxh1=Q 7.Nf3 d5 8.Bf4 Bh3
9.Nd2 Nf6 10.Nb5 Na6 11.c3 c6 12.Nd4 Nh5 13.Be3 Bd6 14.Qa4 O-O 15.O-O-O Nc5
16.Qc2 Bxf1 17.Rxf1 Qxh2 18.Nf5 Ne6 19.Bg1 Qe5 0-1

[Event "Cto. Navarra Absoluto por Equipos 2018"]
[Site "?"]
[Date "2018.11.17"]
[Round "6"]
[White "Otano Villanueva, Joseba"]
[Black "Marques Jalle, Jose Antonio"]
[Result "1-0"]
[EventDate "2018.10.13"]
[WhiteElo "1686"]
[BlackElo "1619"]

1.d4 d5 2.g3 Nf6 3.Bg2 c5 4.Nf3 cxd4 5.Nxd4 e5 6.Nf3 Nc6 7.O-O h6 8.c3 Bd6 9.b3
O-O 10.Ba3 Bxa3 11.Nxa3 Qa5 12.Nb1 Bf5 13.b4 Qc7 14.Qb3 Rad8 15.Nbd2 Rfe8 16.e3
Qb6 17.a4 a5 18.b5 Nb8 19.Qb2 Qe6 20.Rfc1 b6 21.c4 Nbd7 22.cxd5 Qxd5 23.Nd4 Be4
24.Nxe4 Nxe4 25.Nc6 Ndc5 26.Nxd8 Qxd8 27.Bxe4 Nxe4 28.Qc2 Nc5 29.Rd1 Qf6 30.Rd2
e4 31.Rad1 Re6 32.f4 g5 33.Rf1 g4 34.Qd1 h5 35.Rd5 Qc3 36.Qd4 Qxd4 37.Rxd4 Kg7
38.Rf2 f5 39.Rc2 Kf7 40.Rcc4 Ke7 41.Rd5 Rf6 42.Re5 Kd7 43.Rd4 Rd6 44.Red5 Rxd5
45.Rxd5 Ke6 46.Rd4 Nb3 47.Rc4 Nc5 48.Kf1 Kd6 49.Ke2 Nxa4 50.Rxa4 Kc5 51.Kd2 Kxb5
52.Rd4 Kc5 53.Kc3 b5 54.Kb3 b4 55.Ka4 Kb6 56.Rd5 1-0

[Event "Cto. Navarra Absoluto por Equipos 2018"]
[Site "?"]
[Date "2018.11.17"]
[Round "6"]
[White "Zubicoa Aznar, Santiago"]
[Black "Arrizibita Legarre, Jon Inaki"]
[Result "0-1"]
[EventDate "2018.10.13"]
[WhiteElo "1616"]
[BlackElo "1616"]

1.e4 e6 2.d4 d5 3.exd5 exd5 4.Bd3 Nf6 5.Nf3 Bd6 6.O-O O-O 7.Bg5 Bg4 8.Nbd2 Re8
9.c3 c6 10.Qc2 h6 11.Bh4 Nbd7 12.h3 Be6 13.Rfe1 Qc7 14.Nf1 Nh5 15.Bf5 Bxf5
16.Qxf5 Ndf6 17.Bxf6 Nxf6 18.Qc2 Ne4 19.Ne3 Re6 20.Nf5 Bf4 21.c4 Qd7 22.cxd5
cxd5 23.Ne3 Ng5 24.Nxg5 Bxg5 25.Qb3 Rd8 26.Ng4 Rb6 27.Qa3 a6 28.Rab1 Qc6 29.Qd3
Qc4 30.Ne5 Qxa2 31.Qc2 Qb3 32.Qc7 Rf8 33.Nd7 Rc6 34.Qa5 {ilegible} 0-1

[Event "Cto. Navarra Absoluto por Equipos 2018"]
[Site "?"]
[Date "2018.11.17"]
[Round "6"]
[White "Abaurrea San Juan, Xabier"]
[Black "Sola Garate, Roberto"]
[Result "1-0"]
[EventDate "2018.10.13"]
[WhiteElo "1359"]
[BlackElo "1465"]

1.d4 f5 2.Bf4 d6 3.e3 Nf6 4.Bc4 d5 5.Bb3 e6 6.Nf3 Be7 7.Nbd2 O-O 8.Ne5 Nbd7
9.Ndf3 c5 10.c3 c4 11.Bc2 Nb6 12.Qe2 Qe8 13.b4 Qh5 14.a4 Ne4 15.Bxe4 fxe4 16.Nd2
Qxe2 17.Kxe2 Nd7 18.h4 Nxe5 19.Bxe5 Bd7 20.f3 exf3 21.gxf3 Rf7 22.f4 a6 23.Nf3
h6 24.Rhg1 Rc8 25.a5 Bb5 26.Rg6 Kh7 27.h5 Bxb4 28.cxb4 c3 29.Ke1 Rc6 30.Rc1 Bd3
31.Rg2 Be4 32.Rg3 c2 33.Nd2 Bd3 34.Nb3 Rc3 35.Nc5 Bf5 36.Kd2 Rc4 37.Nd3 Bxd3
38.Kxd3 Rxb4 39.Rxc2 Ra4 40.Rc7 Ra3 41.Ke2 Ra2 1-0

[Event "Cto. Navarra Absoluto por Equipos 2018"]
[Site "?"]
[Date "2018.11.17"]
[Round "6"]
[White "Argaya Urdaniz, Miguel"]
[Black "Yaben Munoz, Javier"]
[Result "1/2-1/2"]
[EventDate "2018.10.13"]
[WhiteElo "1928"]
[BlackElo "2008"]

1.e4 c5 2.Nf3 e6 3.Nc3 a6 4.d4 cxd4 5.Nxd4 b5 6.Bd3 Bb7 7.O-O Nf6 8.e5 Nd5 9.Ne4
d6 10.exd6 Bxd6 11.Nxd6 Qxd6 12.c3 Nc6 13.Nxc6 Qxc6 14.Be4 O-O 15.Qd3 f5 16.Bxd5
Qxd5 17.Qxd5 Bxd5 18.Bf4 Rfd8 19.b3 Kf7 20.Be5 g5 21.Rfd1 Rac8 22.Rd2 1/2-1/2

[Event "Cto. Navarra Absoluto por Equipos 2018"]
[Site "?"]
[Date "2018.11.17"]
[Round "6"]
[White "Del Carmen Hernandez, Aimer"]
[Black "Sanchez Salazar, Kiko"]
[Result "1-0"]
[EventDate "2018.10.13"]
[WhiteElo "1901"]
[BlackElo "1878"]

1.e4 d6 2.d4 g6 3.Be3 Bg7 4.c3 Nf6 5.Nd2 O-O 6.Be2 e5 7.dxe5 dxe5 8.g4 Ne8 9.h4
f5 10.gxf5 gxf5 11.Qb3 Kh8 12.Bg5 Bf6 13.O-O-O f4 14.Ngf3 Qe7 15.Rdg1 c6 16.Bh6
Bg7 17.Rxg7 Nxg7 18.Rg1 Rg8 19.Bc4 Be6 20.Rxg7 Rxg7 21.Bxg7 Kxg7 22.Bxe6 Kf6
23.Bc8 b5 24.Qg8 Nd7 25.Qg5 Ke6 26.Bxd7 Qxd7 27.Qxe5 1-0

[Event "Cto. Navarra Absoluto por Equipos 2018"]
[Site "?"]
[Date "2018.11.17"]
[Round "6"]
[White "Beaumont Arizaleta, Mikel"]
[Black "Pascual Garcia, Martin"]
[Result "0-1"]
[EventDate "2018.10.13"]
[WhiteElo "1750"]
[BlackElo "1856"]

1.e4 c5 2.Nf3 Nc6 3.d4 cxd4 4.Nxd4 Nf6 5.Nc3 d6 6.Bg5 e5 7.Nb3 Be7 8.Qd2 Be6
9.O-O-O Bxb3 10.axb3 Qa5 11.Kb1 O-O 12.Bxf6 Bxf6 13.Nd5 Qxd2 14.Rxd2 Bg5 15.Rd3
Nd4 16.f4 Bf6 17.g4 Rac8 18.g5 Bd8 19.Bh3 Ne6 20.Rg1 exf4 21.g6 hxg6 22.Rxg6 Nc5
23.Rxd6 Nxd3 24.Bxc8 Nc5 25.e5 f3 26.Bh3 Ne4 27.Rd7 Re8 28.Ne3 Bg5 29.Nc4 b5
30.Nd6 Nxd6 31.Rxd6 Rxe5 32.Rd1 f2 33.Ka2 Re1 34.Rd5 Bf6 35.Rf5 Re2 36.Kb1 a6
37.Rf3 Bg5 38.Rf5 Be3 39.Rf3 g6 40.Ka2 Bg5 41.c3 Bc1 42.c4 Bxb2 43.Kb1 bxc4
44.bxc4 Bd4 45.Rf4 Bc5 46.Kc1 a5 47.Kd1 Re1 48.Kc2 a4 49.Kb2 Be3 50.Rf3 g5
51.Ka3 g4 0-1